Online
Catalog

Los sucesos se repiten : (Record no. 45183)

MARC details
000 -CABECERA
campo de control de longitud fija 00536nam a2200157 a 4500
001 - NÚMERO DE CONTROL
campo de control 000045694
005 - FECHA Y HORA DE LA ÚLTIMA TRANSACCIÓN
campo de control 20201002052407.0
008 - DATOS DE LONGITUD FIJA--INFORMACIÓN GENERAL
campo de control de longitud fija 150428s2007 dr a 000 0 spa d
040 ## - FUENTE DE LA CATALOGACIÓN
Centro catalogador/agencia de origen DO-SdBNP
Lengua de catalogación spa
Centro/agencia transcriptor BNPHU
082 ## - NÚMERO DE LA CLASIFICACIÓN DECIMAL DEWEY
Número de clasificación xxxx
Número de documento/Ítem xxxx
100 1# - ENTRADA PRINCIPAL--NOMBRE DE PERSONA
Nombre de persona Rosario López, Ramón Ant.
Fechas asociadas al nombre 1945-
9 (RLIN) 73752
245 14 - MENCIÓN DE TÍTULO
Título Los sucesos se repiten :
Resto del título relatos /
Mención de responsabilidad, etc. Ramón Ant. Rosario López ; prólogo Hugo M. Estrella Guzmán.
260 ## - PUBLICACIÓN, DISTRIBUCIÓN, ETC.
Lugar de publicación, distribución, etc. [s. l.
-- s. n.,
Fecha de publicación, distribución, etc. s. f.].
300 ## - DESCRIPCIÓN FÍSICA
Extensión 157 p. :
Otras características físicas il. ;
Dimensiones 19 cm.
700 12 - PUNTO DE ACCESO ADICIONAL--NOMBRE DE PERSONA
Nombre de persona Estrella Guzmán, Hugo M.,
Término indicativo de función/relación pról.
9 (RLIN) 58451
Holdings
Estado de retiro Estado de pérdida No para préstamo Código de colección Localización permanente Ubicación/localización actual Ubicación en estantería Fecha de adquisición Número de inventario Total de préstamos Signatura topográfica completa Código de barras Fecha visto por última vez Precio válido a partir de Tipo de ítem Koha
    Excluido de préstamo Patrimonio Dominicano General General En catalogación 28.04.2015 LF1   xxxx xxxx 45694-10 25.06.2020 25.06.2020 Libro y Folleto Colección Patrimonio Dominicano

Powered by Koha